Largest Municipalities in Rhode Island by First Letter - Statistics

General Stats
  • This quiz has been taken 9 times
  • The average score is 8 of 15
Answer Stats
First Letter County Population Municipality % Correct
B Bristol 21,991 Bristol
100%
P Providence 190,823 Providence
100%
E Providence 46,800 East Providence
78%
C Providence 82,509 Cranston
67%
N Providence 34,002 North Providence
67%
W Kent 83,095 Warwick
67%
F Providence 4,545 Foster
44%
J Providence 30,021 Johnston
44%
T Newport 15,747 Tiverton
44%
G Providence 10,380 Glocester
33%
H Washington 8,378 Hopkinton
33%
L Providence 23,334 Lincoln
33%
M Newport 16,184 Middletown
33%
S Washington 31,935 South Kingstown
33%
R Washington 8,113 Richmond
22%
No matching quizzes found
Score Distribution
Percent of People with Each Score
Percentile by Number Answered
Your Score History
You have not taken this quiz